Faithless / (Registro nro. 14546)

Detalles MARC
000 -LIDER
fixed length control field 00709cam a2200253 i 4500
001 - NÚMERO DE CONTROL
Identificador de número de control
003 - IDENTIFICACDOR DE NÚMERO DE CONTROL
control field DO-SdBNP
005 - DATE AND TIME OF LATEST TRANSACTION
control field 20240126124523.0
008 - ELEMENTOS DE LONGITUD FIJA
fixed length control field 791003s2005 xx 000 1 eng
010 ## - NUMERO DE CONTROL DE BIBLIOTECA DEL CONGRESO
LC control number
020 ## - ISBN
International Standard Book Number 0385339453
040 ## - FUENTE DE CATALOGACIÓN
Agencia que crea de manera original el registro BPMSU
Idioma de catalogación spa
Agencia que realiza la transcripción BPMSU
Agencia que realiza la modificación
--
--
082 #4 - NÚMERO DE CLASIFICACIÓN DECIMAL DE DEWEY
Classification number 813
Item number S631f 2005
Edition number 22
100 1# - ASIENTO PRINCIPAL -- NOMBRE PERSONAL
Nombre personal Slaughter, Karin
Fechas asociadas con el nombre
245 10 - MENCIÓN DE TITULO
Título Faithless /
Mención de responsabilidad Karin Slaughter
260 ## - PUBLICACIÓN, DISTRIBUCIÓN, ETC. (PIE DE IMPRENTA)
Lugar de publicación, distribución, etc New York :
Nombre del editor, distribuidor, etc. Delacorte Press ,
Fecha de publicación, distribución, etc 2005
300 ## - DESCRIPCIÓN FÍSICA
Extensión 410 p. ;
Dimensiones 24 cm.
586 ## - AWARDS NOTE
Awards note New York Times Bestselling
590 ## - NOTA LOCAL
Enlace Inventariado, 2022/VM
Texto de la nota local Inventariado, 2024/VM
650 #4 - ENCABEZAMIENTO DE MATERIA--TEMÁTICO
Término temático o nombre geográfico como elemento de entrada Novela estadounidense
655 #4 - INDEX TERM--GENRE/FORM
Genre/form data or focus term Novela histórica
Source of term
910 ## - VALIDACIÓN
Validación VMateo V. Control de calidad. BPMSU
942 ## - ADDED ENTRY ELEMENTS (KOHA)
Source of classification or shelving scheme Dewey Decimal Classification
Koha item type Libros
Existencias
Withdrawn status Lost status Source of classification or shelving scheme Damaged status Not for loan Collection code Home library Current library Date acquired Total Checkouts Full call number Barcode Date last seen Price effective from Koha item type
    Dewey Decimal Classification     Colección General Biblioteca Pública Metropolitana Salomé Ureña Biblioteca Pública Metropolitana Salomé Ureña 01/26/2024   BPMSU CG 813 S631f 2005 BPMSU24010047 01/26/2024 01/26/2024 Libros